| 000 | 00633nam a2200193 i 4500 | ||
|---|---|---|---|
| 001 | 95062 | ||
| 003 | ES-MaACL | ||
| 005 | 20250811131953.0 | ||
| 007 | t| | ||
| 008 | 050520s1932 sp f ||||1|dspa d | ||
| 100 | 1 |
_aLudwig, Emil. _974618 |
|
| 245 | 1 | 0 |
_aConversaciones con Mussolini / _cEmil Ludwig ; traducción directa del alemán por Gonzalo de Reparaz (hijo). |
| 260 |
_aBarcelona : _b[s.n.], _c1932 ( _fImp. Atenas) |
||
| 300 |
_a222 p., 8 lám. ; _c19 cm. |
||
| 600 | 1 | 4 |
_aMussolini, Benito, _d1883-1945 _984705 |
| 700 | 1 |
_aReparaz, Gonzalo de, _d1901-1984 _9155843 |
|
| 852 |
_aES-MaACL _jB-12559 |
||
| 999 |
_c95062 _d95062 |
||